000 00699nam a2200229Ia 4500
003 OSt
005 20220923224317.0
006 a|||||r|||| 00| 0
007 ta
008 220922b |||||||| |||| 00| 0 hin d
024 _a230,947
037 _cTextual
040 _aARTS
_cARTS
_bhin
041 _2hin
_ahin
082 _aQ2:332B, 152N8
100 _aभारद्वाज, विश्वनाथ
245 0 _aभारद्वाज
_b पूर्वज और वंशज
246 _aBhāradvāja: pūrvaj aur vanshaja
260 _c1998
942 _hQ2:332B, 152N8
_cTEXL
_2CC
999 _c370556
_d370556